000
00246nam a22000857a 4500
008
161117b xxu||||| |||| 00| 0 eng d
100
_9
1275
_a
Arya. V
245
_a
Discover india : through mazas and games
260
_a
New delhi
_b
National book trust
_c
2006
999
_c
3979
_d
3979